[Event "CZE-chT2D 1516"]
[Site "Czech Republic"]
[Date "2016.04.03"]
[Round "10.6"]
[White "Gregor, Jiri1111"]
[Black "Sevcik, Radek"]
[Result "1/2-1/2"]
[WhiteElo "1748"]
[BlackElo "1718"]
[PlyCount "39"]
[EventDate "2015.10.18"]
[EventType "team-tourn"]
[EventRounds "11"]
[EventCountry "CZE"]
[SourceTitle "EXT 2022"]
[Source "ChessBase"]
[SourceDate "2021.10.06"]
[SourceVersion "1"]
[SourceVersionDate "2021.10.06"]
[SourceQuality "1"]
[WhiteTeam "Polabiny III"]
[BlackTeam "Rychnov nad Kneznou"]
[WhiteTeamCountry "CZE"]
[BlackTeamCountry "CZE"]

1. e4 e5 2. Nf3 Nc6 3. Bc4 Bc5 4. c3 d6 5. d3 Bg4 6. h3 Bxf3 7. Qxf3 Qf6 8. Qxf6 Nxf6 9. Be3 Bb6 10. Bxb6 axb6 11. Nd2 Na5 12. 0-0 Nxc4 13. Nxc4 0-0 14. a3 Nd7 15. f4 f6 16. fxe5 fxe5 17. Rxf8+ Rxf8 18. Rf1 Rxf1+ 19. Kxf1 Nc5 20. Ke2 1/2-1/2

[Event "CZE-chT U20 final-B 1011"]
[Site "Czech Republic"]
[Date "2011.04.17"]
[Round "11.5"]
[White "Lapcik, Vaclav"]
[Black "Sevcik, Radek"]
[Result "0-1"]
[WhiteElo "1736"]
[BlackElo "1737"]
[PlyCount "70"]
[EventDate "2010.10.02"]
[EventType "team-tourn"]
[EventRounds "11"]
[EventCountry "CZE"]
[SourceTitle "EXT 2012"]
[Source "ChessBase"]
[SourceDate "2011.11.24"]
[SourceVersion "1"]
[SourceVersionDate "2011.11.24"]
[SourceQuality "1"]
[WhiteTeam "Stare Mesto (U20)"]
[BlackTeam "Rychnov nad Kneznou (U20)"]
[WhiteTeamCountry "CZE"]
[BlackTeamCountry "CZE"]

1. e4 e5 2. Nf3 Nc6 3. Bb5 a6 4. Ba4 Bc5 5. 0-0 b5 6. Bb3 Nf6 7. Re1 0-0 8. c3 d6 9. d4 Bb6 10. Bg5 Re8 11. d5 Na5 12. Bc2 Bg4 13. Nbd2 h6 14. Be3 c6 15. b4 Nc4 16. Nxc4 bxc4 17. dxc6 d5 18. h3 Bxf3 19. gxf3 d4 20. Bd2 Qc8 21. Kg2 Rd8 22. Qc1 Qxc6 23. f4 d3 24. Bd1 Nxe4 25. Bf3 Qg6+ 26. Bg4 f5 27. Rxe4 fxe4 28. f5 Qc6 29. Kg1 a5 30. a3 axb4 31. axb4 Rxa1 32. Qxa1 Ra8 33. Qc1 Ra2 34. h4 Qa8 35. Kh2 Bxf2 0-1

[Event "CZE-chTW U20 1011"]
[Site "Czech Republic"]
[Date "2010.10.03"]
[Round "3.4"]
[White "Krasny, Drahomir"]
[Black "Sevcik, Radek"]
[Result "1-0"]
[WhiteElo "1879"]
[BlackElo "1737"]
[PlyCount "103"]
[EventDate "2010.10.02"]
[EventType "team-tourn"]
[EventRounds "11"]
[EventCountry "CZE"]
[SourceTitle "EXT 2012"]
[Source "ChessBase"]
[SourceDate "2011.11.24"]
[SourceVersion "1"]
[SourceVersionDate "2011.11.24"]
[SourceQuality "1"]
[WhiteTeam "Udlice (U20)"]
[BlackTeam "Rychnov nad Kneznou (U20)"]
[WhiteTeamCountry "CZE"]
[BlackTeamCountry "CZE"]

1. e4 e5 2. Nf3 Nc6 3. Bc4 Bc5 4. Nc3 Nf6 5. d3 d6 6. h3 h6 7. 0-0 Be6 8. Nd5 0-0 9. c3 Bxd5 10. Bxd5 Nxd5 11. exd5 Ne7 12. b4 Bb6 13. Qb3 f5 14. Nxe5 dxe5 15. d6+ Rf7 16. dxe7 Qxe7 17. Be3 f4 18. Bxb6 axb6 19. Rae1 Re8 20. Re4 Qd7 21. d4 exd4 22. Rxd4 Qe6 23. Qxe6 Rxe6 24. Rfd1 g5 25. Kf1 Kg7 26. Re1 Rxe1+ 27. Kxe1 Re7+ 28. Kd2 Kf6 29. Rd8 h5 30. Rd4 Kf5 31. Rd5+ Kg6 32. b5 g4 33. hxg4 hxg4 34. f3 gxf3 35. gxf3 Rh7 36. Kd3 Re7 37. Kd2 Kf6 38. Rd8 Kg5 39. Rg8+ Kh4 40. Rg4+ Kh3 41. Rxf4 Kg3 42. Rf6 Kf2 43. a4 Re2+ 44. Kd3 Re3+ 45. Kd4 Rxf3 46. Ke5 Rxf6 47. Kxf6 Ke3 48. Ke6 Kd3 49. Kd7 c5 50. bxc6 bxc6 51. Kxc6 Kxc3 52. Kxb6 1-0

[Event "CZE-chTW U20 1011"]
[Site "Czech Republic"]
[Date "2010.10.02"]
[Round "1.4"]
[White "Rydl, Jiri"]
[Black "Sevcik, Radek"]
[Result "1-0"]
[WhiteElo "1906"]
[BlackElo "1737"]
[PlyCount "27"]
[EventDate "2010.10.02"]
[EventType "team-tourn"]
[EventRounds "11"]
[EventCountry "CZE"]
[SourceTitle "EXT 2012"]
[Source "ChessBase"]
[SourceDate "2011.11.24"]
[SourceVersion "1"]
[SourceVersionDate "2011.11.24"]
[SourceQuality "1"]
[WhiteTeam "Vlasim (U20)"]
[BlackTeam "Rychnov nad Kneznou (U20)"]
[WhiteTeamCountry "CZE"]
[BlackTeamCountry "CZE"]

1. e4 e5 2. Nf3 Nc6 3. Bc4 Bc5 4. 0-0 Nf6 5. d4 Bxd4 6. Nxd4 Nxd4 7. f4 Nc6 8. Bxf7+ Ke7 9. Bb3 d6 10. Nc3 b6 11. Nd5+ Kd7 12. Ba4 Bb7 13. fxe5 Nxe4 14. Qg4+ 1-0